000 00756nam a2200217 a 4500
001 000657556
003 AM-YeHGA
005 20250617141445.0
008 090512s1985 |||| |||||||||||||rus d
040 _aAM-YeHGA
041 0 _arus
245 0 0 _aДекабристы в Москве :
_b[Альбом] /
_cАвт.-сост. Р.А. Киреева.
260 _aМосква :
_bСоветская Россия,
_c1985.
300 _a63 стр. :
_bфотоилл. ;
_c22 см.
650 1 4 _aИстория СССР
650 1 4 _aДвижение декабристов
650 1 4 _aМузейное дело
653 0 _aДекабристы
700 1 _aКиреева, Раиса Александровна
_eсост.
_4com
090 _c240757
999 _c239182
_d239182